| 000 | 00252nam a22000857a 4500 | ||
|---|---|---|---|
| 999 |
_c23587 _d23587 |
||
| 003 | Nust | ||
| 005 | 20170525132336.0 | ||
| 008 | 131219b xxu||||| |||| 00| 0 eng d | ||
| 020 |
_a8174460268 _cAvailable |
||
| 040 |
_aDLC _bDLC _cRCMS |
||
| 082 | _a301.54 JEF | ||
| 100 |
_aJefkins, Frank _9468 |
||
| 245 |
_aPublic relations for your business _cFrank Jefkins |
||
| 260 |
_aNew Delhi _bExcel Book _cc1995 |
||
| 300 |
_aix, 189 p. : _bill. ; _c23 cm. |
||
| 500 | _a | ||
| 538 | _iShelf # 13, Row # 1, Fiction. | ||
| 650 |
_aPublic relations. _9469 |
||
| 856 | _3Table of Content Only | ||
| 942 |
_2ddc _cFIC |
||